[Event "Match"]
[Site "masterchessopen.com Glasgow (Scotland)"]
[Round "2"]
[White "Fairhurst William A (SCO)"]
[Black "Wade Robert G (ENG)"]
[Result "0-1"]
[WhiteElo "2300"]
[BlackElo "2148"]

1.d4 Nf6 2.c4 g6 3.g3 Bg7 4.Bg2 O-O 5.Nf3 d5 6.cxd5 Nxd5 7.e4 Nb6 8.O-O Bg4
9.d5 c6 10.h3 Bc8 11.Ne1 e6 12.Nc3 exd5 13.exd5 Nxd5 14.Nxd5 cxd5 15.Nd3 Nc6
16.Nf4 d4 17.Qb3 Qb6 18.Bd2 Qxb3 19.axb3 Bd7 20.b4 Rfe8 21.Rfd1 Nd8 22.Nd3 Bc6
23.Bxc6 Nxc6 24.Bf4 a6 25.Kf1 Bf8 26.Bd2 Rad8 27.Rac1 Rd5 28.Nc5 Bxc5 29.bxc5
a5 30.Rc4 f6 31.Bf4 g5 32.Bc7 Re7 33.Bb6 Rde5 34.Rd2 Re1+ 35.Kg2 R1e2 36.Rdxd4
Nxd4 37.Rxd4 Rxb2 38.Rd6 a4 39.Bd8 Ree2 {#R} 0-1

[Event "Memorial A.Alekhine"]
[Site "masterchessopen.com Budapest (Hungary)"]
[Round "0"]
[White "Gereben Erno (SUI)"]
[Black "Navarovszky Laszlo (HUN)"]
[Result "0-1"]
[WhiteElo "2320"]
[BlackElo "2280"]

1.Nf3 Nf6 2.g3 g6 3.Bg2 Bg7 4.c4 O-O 5.d4 d5 6.cxd5 Nxd5 7.e4 Nb6 8.h3 c5 9.d5
e6 10.d6 Nc4 11.Qc2 Nxd6 12.O-O Na6 13.Nc3 Nb4 14.Qe2 b6 15.Rd1 Ba6 16.Qd2 Nb5
17.Bf1 Nxc3 18.bxc3 Bxf1 19.Rxf1 Qf6 20.Bb2 Rad8 21.cxb4 Qxf3 22.Qc2 cxb4
23.Bxg7 Kxg7 24.Rac1 Rd4 25.Rfe1 Rfd8 26.Qc7 Rd2 27.Rf1 R8d7 28.Qe5+ Qf6
29.Qb5 Qe7 30.Qe5+ f6 31.Qa1 Qd6 32.Qb1 a5 33.Qb3 b5 34.Rc2 Rd3 35.Qb1 Rd1
36.Rc1 Rxf1+ 37.Rxf1 Qd3 38.Qe1 Rc7 39.e5 f5 40.Qd1 Qxd1 41.Rxd1 Rc2 42.Rd7+
Kf8 {#R} 0-1

[Event "Olympiad"]
[Site "masterchessopen.com Leipzig (Germany)"]
[Round "4"]
[White "Foguelman Alberto (ARG)"]
[Black "Milev Zdravko (BUL)"]
[Result "1/2-1/2"]
[WhiteElo "2310"]
[BlackElo "2230"]

1.d4 Nf6 2.c4 g6 3.Nf3 Bg7 4.g3 O-O 5.Bg2 d5 6.cxd5 Nxd5 7.e4 Nb6 8.O-O c5
9.dxc5 Qxd1 10.Rxd1 Na4 11.Nc3 Bxc3 12.bxc3 Nxc5 13.Nd4 Nba6 14.Be3 Na4 15.e5
Nc7 16.Rab1 Nxc3 17.Rdc1 N7d5 18.Rb3 Nxe3 19.fxe3 Na4 20.Rc7 e6 21.Bxb7 Bxb7
22.Rbxb7 Rac8 23.Rxa7 Rxc7 24.Rxc7 Ra8 25.Kf2 Nb6 26.Rc2 Nd5 27.Ke2 Nb4 28.Rb2
Rxa2 29.Rxa2 Nxa2 30.Kd3 Nb4+ 31.Kc4 Nd5 32.Nc2 Kf8 33.e4 {#d} 1/2-1/2

[Event "Cup Baltic (corr.)"]
[Site "masterchessopen.com corr."]
[Round "0"]
[White "Brueggemann Joachim (GER)"]
[Black "Sloth Jorn (DEN)"]
[Result "0-1"]
[WhiteElo "2339"]
[BlackElo "2328"]

1.Nf3 g6 2.g3 Bg7 3.d4 Nf6 4.Bg2 O-O 5.c4 d5 6.cxd5 Nxd5 7.e4 Nb6 8.O-O Bg4
9.d5 Qd7 10.Nc3 e5 11.Qb3 c5 12.Be3 Na6 13.Rac1 f5 14.Ng5 f4 15.Bd2 f3 16.Bh1
h6 17.Ne6 Bxe6 18.dxe6 Qxd2 19.Nd5 c4 20.Qb5 Qd4 21.e7 Rfc8 22.Bxf3 Qc5 23.a4
h5 24.g4 Qc6 25.b3 Qe6 {#R} 0-1

[Event "It"]
[Site "masterchessopen.com Palma de Majorca (Spain)"]
[Round "0"]
[White "Korchnoi Viktor (SUI)"]
[Black "Unzicker Wolfgang (GER)"]
[Result "1-0"]
[WhiteElo "2556"]
[BlackElo "2433"]

1.g3 d5 2.Nf3 Nf6 3.Bg2 g6 4.c4 Bg7 5.cxd5 Nxd5 6.d4 O-O 7.e4 Nb6 8.Nc3 Bg4
9.Ne2 Nc6 10.d5 Bxf3 11.Bxf3 Ne5 12.Bg2 c6 13.O-O cxd5 14.exd5 Rc8 15.a4 a6
16.Re1 Nbd7 17.Nc3 Nc5 18.Bf1 Qb6 { ?! } ( 18...Qd7 19.Bf4 Qf5 20.Bh3 Qxh3
21.Bxe5 { ? } ) 19.Ra3 Qf6 20.Bf4 Qf5 21.Na2 Ncd7 22.Rb3 Nc5 23.Rbe3 Ncd7 (
23...Rfe8 { !? } ) ( 23...Rfd8 { !? } ) 24.Nc3 g5 25.Qh5 Nf6 26.Qxg5 Qxg5
27.Bxg5 Nfg4 28.Bxe7 Nxe3 29.Rxe3 Nc4 30.Bxc4 Rxc4 31.Bxf8 ( { ? } 31.Rd3 )
31...Kxf8 32.d6 Rd4 33.Ne4 h6 34.g4 Be5 35.b3 Bf4 36.Re2 Bxd6 37.Nxd6 Rxd6
38.Re4 a5 39.Re5 b6 40.Rb5 Ke7 41.Kg2 Kd7 42.Kg3 Kc6 43.Rf5 f6 44.Kh4 Kd7
45.Kh5 Ke7 46.Kxh6 Rd3 47.h4 Rxb3 48.h5 Rb4 49.f3 Rxa4 50.Kg7 Rc4 51.h6 {#r}
1-0

[Event "Tournament (team)"]
[Site "masterchessopen.com Tucuman (Argentina)"]
[Round "1"]
[White "Quinteros Miguel A (ARG)"]
[Black "Silva Carlos (NCA)"]
[Result "1-0"]
[WhiteElo "2465"]
[BlackElo "2098"]

1.Nf3 Nf6 2.c4 g6 3.g3 Bg7 4.d4 O-O 5.Bg2 d5 6.cxd5 Nxd5 7.e4 Nb6 8.O-O Bg4
9.d5 c6 10.h3 Bxf3 11.Qxf3 cxd5 12.exd5 Nc4 13.Nc3 Nd7 14.Qe2 Rc8 15.h4 Nd6
16.h5 Nf6 17.hxg6 hxg6 18.Bh3 Rxc3 19.bxc3 Nxd5 20.Bb2 Nxc3 21.Qc2 Ndb5
22.Rfe1 Qa5 23.Rxe7 Nd4 24.Bxc3 Nf3+ 25.Kh1 Bxc3 26.Rd1 Bf6 27.Re4 Qh5 28.Kg2
Ne5 29.Qe2 Qxe2 30.Rxe2 b5 31.Rd6 Kg7 32.Ra6 b4 33.Rxa7 Nc6 34.Ra6 Nd4 35.Rd2
Nb5 36.Rd7 Bc3 37.Be6 Nd4 38.Bc4 Nf5 39.Bd3 Bf6 40.Rb6 Bc3 41.Bxf5 gxf5
42.Rbb7 Kf6 43.Kf3 Ke6 44.Re7+ Kf6 45.Rec7 {#r} 1-0

[Event "It"]
[Site "masterchessopen.com La Serena (Chile)"]
[Round "1"]
[White "Silva Sanchez Carlos (CHI)"]
[Black "Rossetto Hector (ARG)"]
[Result "1-0"]
[WhiteElo "2372"]
[BlackElo "2465"]

1.Nf3 d5 2.d4 Nf6 3.c4 g6 4.cxd5 Nxd5 5.g3 Bg7 6.Bg2 O-O 7.e4 Nb6 8.O-O Bg4
9.d5 Qd7 10.Re1 c6 11.Nc3 Na6 12.dxc6 bxc6 13.Qxd7 Bxd7 14.Bg5 e5 15.Bf1 Nc7
16.Rad1 Bg4 17.Be2 Ne6 18.Be3 Bxf3 19.Bxf3 Nc4 20.Bc1 Nd4 21.Be2 Nd6 22.Kg2
Rfd8 23.Bd3 Ne8 24.Ne2 Nc7 25.Nxd4 exd4 26.Bd2 Ne6 27.Rc1 c5 28.f4 Rab8 29.b3
Bf8 30.Rc4 Rdc8 31.Kf3 Nd8 32.Ra4 Nc6 33.Rc1 Kg7 34.Rcc4 Be7 35.e5 Rc7 36.Be4
Nd8 37.Ra6 Rb6 38.Rca4 Rxa6 39.Rxa6 Kf8 40.Bd5 Rd7 41.Ke4 Kg7 42.Bc4 f6 43.e6
f5+ 44.Kd3 Rd6 45.Rxa7 {#r} 1-0

[Event "It"]
[Site "masterchessopen.com Stary Smokovec (Slovakia)"]
[Round "8"]
[White "Majchrak Josef"]
[Black "Pribyl Josef (CZE)"]
[Result "0-1"]
[WhiteElo "2200"]
[BlackElo "2450"]

1.d4 Nf6 2.Nf3 g6 3.g3 Bg7 4.Bg2 d5 5.c4 O-O 6.cxd5 Nxd5 7.e4 Nb6 8.Nc3 Nc6
9.d5 Na5 10.O-O c6 11.dxc6 Nxc6 12.Qc2 Bg4 13.Be3 Nc4 14.Nd5 Nxe3 15.Nxe3 Be6
16.Rfd1 Qa5 17.Nd5 Rad8 18.Qb3 Bc8 19.Rac1 e6 20.Ne3 Nd4 21.Nxd4 Rxd4 22.Nc4
Qc5 23.e5 Rxd1+ 24.Rxd1 b6 25.Nd6 Qxe5 26.Nxc8 Rxc8 27.Qa4 Qxb2 28.Qxa7 Bd4
29.Qd7 Rc1 30.Qa4 Qxf2+ {#R} 0-1

[Event "Ch URS (1 liga)"]
[Site "masterchessopen.com Baku (Azerbaijan)"]
[Round "3"]
[White "Pereszupkin Alexander (RUS)"]
[Black "Gutman Lev (GER)"]
[Result "0-1"]
[WhiteElo "2395"]
[BlackElo "2395"]

1.Nf3 Nf6 2.c4 g6 3.d4 Bg7 4.g3 O-O 5.Bg2 d5 6.cxd5 Nxd5 7.e4 Nb6 8.O-O Bg4
9.d5 c6 10.Nc3 cxd5 11.Nxd5 Nc6 12.Bg5 h6 13.Bf4 Rc8 14.h3 Be6 15.Nxb6 Qxb6
16.a4 Rfd8 17.Qe2 Nd4 18.Nxd4 Bc4 19.Qf3 Bxf1 20.Nf5 Bxg2 21.Nxe7+ Kf8 22.Qa3
Rc5 23.Be3 Bd4 24.Bxd4 Rxd4 25.Nd5 Qd6 26.Kxg2 Rxe4 27.Nf6 Re7 28.Rd1 Qc6+
29.Kh2 Kg7 30.Ng4 Re2 31.b4 Rcc2 32.Kg1 h5 33.b5 Qe4 34.Qa1+ Rb2 {#R} 0-1

[Event "Ch USA"]
[Site "masterchessopen.com Mentor (USA)"]
[Round "0"]
[White "Shamkovich Leonid (USA)"]
[Black "Ghizdavu Dumitru (USA)"]
[Result "1/2-1/2"]
[WhiteElo "2485"]
[BlackElo "2410"]

1.c4 g6 2.d4 Nf6 3.Nf3 Bg7 4.g3 O-O 5.Bg2 d5 6.cxd5 Nxd5 7.e4 Nb6 8.Nc3 Bg4
9.d5 e6 10.O-O exd5 11.exd5 c6 12.h3 Bxf3 13.Qxf3 cxd5 14.Nxd5 Nc6 15.Nc3 Rc8
16.Rd1 Qe7 17.h4 Qb4 18.h5 Nd4 19.Qxb7 Nc2 20.a3 Qa5 21.Rb1 Qxh5 22.Bf3 Qa5
23.Nd5 Rb8 24.Ne7+ Kh8 25.Nc6 Rxb7 26.Nxa5 Rd7 27.Rxd7 Nxd7 28.Bd5 Ne5 29.Be4
Nd4 30.Be3 Ng4 31.Bd2 f5 32.Bb7 f4 33.gxf4 Ne2+ 34.Kg2 h5 35.f3 Nh6 36.Be4 Kh7
37.Nc6 Nxf4+ 38.Bxf4 Rxf4 39.Nxa7 Nf7 40.b4 Ng5 41.Re1 h4 42.Nc6 Rf6 43.b5 Bf8
44.a4 Rd6 45.Re2 Ne6 46.Rf2 Nf4+ 47.Kh2 Rd1 48.Bc2 Rc1 49.Rd2 Bc5 50.Bd1 Rb1
51.Ne5 Kh6 52.Nf7+ Kg7 53.Ng5 Be3 54.Rd7+ Kf6 55.Nh7+ Ke6 56.Nf8+ Kf6 57.Nh7+
Ke6 {#d} 1/2-1/2

[Event "Olympiad URS"]
[Site "masterchessopen.com Moscow (Russia)"]
[Round "0"]
[White "Sakhatova Gulnar (KAZ)"]
[Black "Levitina Irina S (USA)"]
[Result "0-1"]
[WhiteElo "2180"]
[BlackElo "2245"]

1.d4 Nf6 2.c4 g6 3.Nf3 Bg7 4.g3 O-O 5.Bg2 d5 6.cxd5 Nxd5 7.e4 Nb6 8.O-O c5
9.d5 e6 10.Nc3 exd5 11.exd5 Bxc3 12.bxc3 Qxd5 13.Bh6 Re8 14.Nd2 Qd8 15.Ne4 Nc6
16.Bg5 Qxd1 17.Nf6+ Kh8 18.Raxd1 Rf8 19.Bh6 Be6 20.Bxf8 Rxf8 21.Ne4 Na4 22.Rd2
Na5 23.Rfd1 Kg7 24.Bf1 a6 25.f3 b5 26.g4 h6 27.Rd6 Bc8 28.R1d5 Bb7 29.Re5 Nc6
30.Red5 Na5 31.Rd2 Re8 32.Rd7 Bxe4 33.fxe4 Nc6 34.R7d6 Ne5 35.c4 Nf3+ 36.Kf2
Nxd2 37.Rxd2 Nc3 38.Kf3 Nxe4 39.Rd5 b4 40.h4 a5 41.Bd3 Nc3 42.Rxc5 a4 43.Bc2
Rb8 44.Ra5 b3 45.axb3 axb3 46.Ra3 bxc2 47.Rxc3 Rb3 {#R} 0-1

[Event "Ch Bayern (b)"]
[Site "masterchessopen.com Bayern (Germany)"]
[Round "0"]
[White "Delitzsch Juergen (GER)"]
[Black "Zollbrecht Josef (GER)"]
[Result "1/2-1/2"]
[WhiteElo "2278"]
[BlackElo "2295"]

1.d4 Nf6 2.c4 g6 3.Nf3 Bg7 4.g3 O-O 5.Bg2 d5 6.cxd5 Nxd5 7.e4 Nb6 8.h3 Nc6
9.d5 Na5 10.Nc3 c6 11.O-O cxd5 12.Nxd5 Be6 13.Ne3 Nbc4 14.Qe2 Nxe3 15.Qxe3 Qb6
16.Qg5 Nc6 17.Qh4 Bc4 18.Re1 Nd4 19.e5 Nxf3+ 20.Bxf3 Qe6 21.b3 Bd5 22.Bxd5
Qxd5 23.Bb2 {#d} 1/2-1/2

[Event "It"]
[Site "masterchessopen.com Calcutta (India)"]
[Round "0"]
[White "Tilak Sharad S (IND)"]
[Black "Thipsay Praveen M (IND)"]
[Result "0-1"]
[WhiteElo "2320"]
[BlackElo "2485"]

1.d4 Nf6 2.Nf3 g6 3.c4 Bg7 4.g3 O-O 5.Bg2 d5 6.cxd5 Nxd5 7.e4 Nb6 8.h3 c5 9.d5
e6 10.Nc3 exd5 11.Nxd5 Nxd5 12.Qxd5 Qxd5 13.exd5 Re8+ 14.Kf1 b6 15.Nd2 Nd7
16.Kg1 Ba6 17.Ne4 Bd4 18.Kh2 Bd3 19.Nc3 Bxf2 20.d6 Rad8 21.Nd5 Kg7 22.Nc7 Rf8
23.Bg5 Nf6 24.Bxf6+ Kxf6 25.Rhf1 Bxf1 26.Rxf1 Rxd6 27.Rxf2+ Kg7 28.Nb5 Rd7
29.Re2 Rfd8 30.Kg1 Rd2 31.Kf2 R8d7 32.Bc6 Rxe2+ 33.Kxe2 Re7+ 34.Kf2 f5 35.Nc3
Re6 36.Bb5 Kf6 37.h4 Ke5 38.Ke3 h6 39.b3 g5 40.hxg5 hxg5 41.Ke2 Rh6 42.Kf3 Rh1
43.Bc4 Rf1+ 44.Kg2 Ra1 45.a4 Kd4 46.Ne2+ Ke4 47.Kf2 Ra2 48.Bb5 Rb2 49.Bc6+ Ke5
{#R} 0-1

[Event "Bundesliga 1988/89 (2nd)"]
[Site "masterchessopen.com Germany"]
[Round "0"]
[White "Kern Johannes (GER)"]
[Black "Nimtz Manfred Dr (GER)"]
[Result "1-0"]
[WhiteElo "2280"]
[BlackElo "2224"]

1.d4 Nf6 2.c4 g6 3.Nf3 Bg7 4.g3 O-O 5.Bg2 d5 6.cxd5 Nxd5 7.e4 Nb6 8.O-O Nc6
9.d5 Na5 10.Qe1 Nac4 11.Nc3 e5 12.b3 Nd6 13.Bb2 Bd7 14.Qd2 Qe7 15.Rfe1 Rfd8
16.Rad1 h6 17.a4 Kh7 18.Qe3 c6 19.a5 Nbc8 20.dxc6 Bxc6 21.Nd5 Bxd5 22.Rxd5 f6
23.Ba3 Bf8 24.Red1 Rb8 25.Bh3 b5 26.Bb4 Qc7 27.Qd3 f5 28.exf5 e4 29.fxg6+ Kxg6
30.Nh4+ Kh7 31.Qd2 {#r} 1-0

[Event "Ch World (juniors) (under 20)"]
[Site "masterchessopen.com Santiago (Chile)"]
[Round "8"]
[White "Minero Pineda Sergio (CRC)"]
[Black "Demir Gokhan (TUR)"]
[Result "1/2-1/2"]
[WhiteElo "2412"]
[BlackElo "2254"]

1.d4 Nf6 2.c4 g6 3.g3 Bg7 4.Bg2 O-O 5.Nf3 d5 6.cxd5 Nxd5 7.e4 Nb6 8.h3 c5 9.d5
e6 10.dxe6 Qxd1+ 11.Kxd1 Bxe6 {#d} 1/2-1/2

[Event "It (open)"]
[Site "masterchessopen.com Los Angeles (USA)"]
[Round "0"]
[White "Denker Arnold S (USA)"]
[Black "Ftacnik Lubomir (SVK)"]
[Result "0-1"]
[WhiteElo "2285"]
[BlackElo "2575"]

1.d4 Nf6 2.Nf3 g6 3.c4 Bg7 4.g3 O-O 5.Bg2 d5 6.cxd5 Nxd5 7.e4 Nb6 8.Nbd2 Na6
9.Nb3 c5 10.dxc5 Qxd1+ 11.Kxd1 Na4 12.Ke2 N6xc5 13.Nxc5 Nxc5 14.Be3 b6 15.Bxc5
bxc5 16.Rhd1 Ba6+ 17.Kd2 Rab8 18.Rab1 Rfd8+ 19.Kc2 Rxd1 20.Kxd1 Bd3 21.Rc1
Rxb2 22.Rxc5 Bh6 23.Ng5 Rxf2 24.Bh3 Rxh2 25.Bg4 Rxa2 26.Rc3 Ra1+ {#R} 0-1

[Event "Ch Berlin (juniors) (under 15)"]
[Site "masterchessopen.com Berlin (Germany)"]
[Round "0"]
[White "Keller Thomas (GER)"]
[Black "Sulzbach Sven (GER)"]
[Result "1-0"]
[WhiteElo "2312"]
[BlackElo "2195"]

1.d4 Nf6 2.c4 g6 3.Nf3 Bg7 4.g3 O-O 5.Bg2 d5 6.cxd5 Nxd5 7.e4 Nb6 8.O-O Nc6
9.d5 Na5 10.Nc3 Nac4 11.Re1 e6 12.dxe6 Bxe6 13.Qc2 Qe7 14.b3 Na5 15.Be3 Rfd8
16.Rad1 Nc6 17.Nb5 Rxd1 18.Rxd1 Rd8 19.Bf4 Rc8 20.Nfd4 Nxd4 21.Nxd4 Bd7 22.Qe2
Qb4 23.Nc2 Qb5 24.Qd2 Be8 25.Bh3 Ra8 26.Bxc7 Qc6 27.Bf4 Qf6 28.Bg2 Qe7 29.Nb4
Rc8 30.Nd5 Nxd5 31.exd5 Bc3 32.Qd3 Bf6 33.d6 Qd7 34.h4 Rc3 35.Qd2 a6 36.Kh2 b5
37.Bh3 Qc6 38.d7 Bxd7 39.Bxd7 Qc5 40.Be3 Qc7 41.Bh3 Rc2 42.Qd6 Qc3 43.Rd2 {#r}
1-0

[Event "It (open)"]
[Site "masterchessopen.com Neuwied (Germany)"]
[Round "0"]
[White "Schreiter Thomas (GER)"]
[Black "Pielnik Rainer (GER)"]
[Result "1/2-1/2"]
[WhiteElo "2115"]
[BlackElo "2150"]

1.Nf3 Nf6 2.d4 g6 3.c4 Bg7 4.g3 O-O 5.Bg2 d5 6.cxd5 Nxd5 7.e4 Nb6 8.h3 Nc6
9.d5 Nb8 10.Nc3 c6 11.O-O Bxc3 12.bxc3 cxd5 13.exd5 Qxd5 14.Qxd5 Nxd5 15.c4
Nb4 16.Rd1 N8c6 17.Be3 Be6 {#d} 1/2-1/2

[Event "Ch Ontario"]
[Site "masterchessopen.com Ontario (Canada)"]
[Round "5"]
[White "Kiviaho Bob (CAN)"]
[Black "Stone Raymond (CAN)"]
[Result "0-1"]
[WhiteElo "2169"]
[BlackElo "2321"]

1.d4 Nf6 2.c4 g6 3.Nf3 Bg7 4.g3 O-O 5.Bg2 d5 6.cxd5 Nxd5 7.e4 Nb6 8.O-O Nc6
9.d5 Na5 10.a4 c6 11.Ra2 cxd5 12.b4 Nc6 13.b5 Nb4 14.Rd2 Nc4 15.Re2 a5 16.bxa6
Rxa6 17.exd5 Nxd5 18.Ng5 e6 19.Ne4 Qa5 20.Rc2 Qb4 21.Bg5 Rxa4 22.Qc1 b5
23.Nbd2 Bb7 24.Nxc4 bxc4 25.Bh6 c3 26.Bxg7 Kxg7 27.Nxc3 Nxc3 28.Rxc3 Bxg2
29.Kxg2 Rd8 30.h4 Ra2 31.Kg1 Rdd2 32.Rf3 Rac2 33.Qa1+ Qd4 34.Qa3 Qd5 35.Qa1+
Qd4 36.Qa3 Qd5 37.Qa1+ e5 38.Re3 Rb2 39.Qe1 f6 40.Qc1 Rb7 41.Rc3 Rd7 42.Rc7
Rxc7 43.Qxc7+ Kh6 44.Qc8 Kh5 45.Qh3 f5 46.Re1 Qd4 47.Qg2 e4 48.g4+ fxg4
49.Rxe4 Rd1+ 50.Kh2 Qd6+ 51.Qg3 Rd3 52.Re5+ Kh6 53.Re3 Qxg3+ 54.Rxg3 Rxg3 {#R}
0-1

[Event "It (open) \"]
[Site "masterchessopen.com Berlin (Germany)"]
[Round "1"]
[White "Reh Philipp (GER)"]
[Black "Dvoirys Semen I (RUS)"]
[Result "0-1"]
[WhiteElo "2054"]
[BlackElo "2580"]

1.d4 Nf6 2.Nf3 g6 3.c4 Bg7 4.g3 O-O 5.Bg2 d5 6.cxd5 Nxd5 7.e4 Nb4 8.a3 N4c6
9.d5 Na5 10.Nc3 c6 11.O-O cxd5 12.exd5 Nd7 13.Bg5 Nf6 14.Nd4 Nc4 15.Qe2 Nb6
16.Rad1 Bg4 17.f3 Bc8 18.Nc2 Bd7 19.Rfe1 Re8 20.Ne3 Qc7 21.Qd3 Rac8 22.Rc1 Nh5
23.g4 Nf4 24.Qe4 Nxg2 25.Kxg2 e6 26.Bf4 Qd8 27.d6 Bc6 28.Qb4 a5 29.Qxa5 Nd5
30.Qxd8 Nxf4+ 31.Kg3 Rcxd8 32.Kxf4 Rxd6 33.Rcd1 Rd4+ 34.Kg3 Be5+ 35.Kg2 Rf4
36.Rf1 Bd4 37.Rde1 Bxe3 38.Rxe3 Rxg4+ 39.Kf2 Rh4 40.Kg3 Rd4 41.b4 f5 42.f4 Kf7
43.h4 e5 44.fxe5 Rg4+ 45.Kf2 Rf4+ 46.Ke1 Rxh4 47.b5 Bd7 48.a4 Rc8 49.Ne2 Rxa4
50.e6+ {#R} 0-1

[Event "It (open)"]
[Site "masterchessopen.com Hafnarfjordur (Iceland)"]
[Round "2"]
[White "Thorfinnsson Bragi (ISL)"]
[Black "Jensson Einar Hjalti (ISL)"]
[Result "1/2-1/2"]
[WhiteElo "2185"]
[BlackElo "2239"]

1.d4 Nf6 2.Nf3 g6 3.g3 Bg7 4.Bg2 O-O 5.c4 d5 6.cxd5 Nxd5 7.e4 Nb6 8.Nc3 Bg4
9.Be3 Nc6 10.Ne2 e5 11.d5 Bxf3 12.Bxf3 Qf6 13.Bg2 Nd4 14.Nxd4 exd4 15.Bf4 c5
16.O-O Nd7 17.Qa4 Qe7 18.Rfe1 d3 19.Qb3 Ne5 20.Bxe5 Bxe5 21.Rab1 Qf6 22.f4
Bd4+ 23.Kh1 Qa6 24.a3 c4 25.Qb4 Rac8 26.Rf1 b5 27.e5 Qb6 28.Qd2 Be3 29.Qe1 Qd4
30.Rf3 d2 31.Qxe3 d1=Q+ 32.Rxd1 Qxd1+ 33.Rf1 Qd3 34.Qxa7 c3 35.bxc3 Rxc3 36.e6
fxe6 37.dxe6 Rxa3 38.Qb7 Raa8 39.e7 Rfe8 40.Qd5+ Qxd5 41.Bxd5+ Kg7 42.Bxa8
Rxa8 43.Rb1 Re8 44.Rxb5 Rxe7 45.Rb2 h5 46.Kg2 Re3 47.Kf2 Ra3 48.Re2 Kf6 49.h4
Kf5 50.Re5+ Kf6 51.Re3 Ra1 52.Rb3 Kf5 53.Rb5+ Kf6 54.Re5 Ra3 55.Re3 Ra1 56.Kf3
Kf5 57.Re5+ Kf6 58.Rg5 Ra3+ 59.Kg2 Ra2+ 60.Kh3 Rf2 {#d} 1/2-1/2

[Event "Ch Hungary (team) 1995/96 (2 liga)"]
[Site "masterchessopen.com Hungary"]
[Round "6"]
[White "Somogyi Istvan (HUN)"]
[Black "Hardicsay Peter (HUN)"]
[Result "0-1"]
[WhiteElo "2285"]
[BlackElo "2380"]

1.d4 Nf6 2.Nf3 g6 3.g3 Bg7 4.Bg2 O-O 5.c4 d5 6.cxd5 Nxd5 7.e4 Nb6 8.Nc3 Bg4
9.Be3 Nc6 10.d5 Ne5 11.h3 Bxf3 12.Bxf3 Nbc4 13.Bc1 Nxf3+ 14.Qxf3 Qd7 15.Qe2
Nb6 16.Bf4 Rac8 17.Rd1 c6 18.d6 Rfe8 19.f3 exd6 20.Bxd6 Qe6 21.Bc5 Bxc3+
22.bxc3 Na4 23.Qe3 b6 24.Ba3 Qxa2 25.Bc1 Qg2 26.Rg1 Qc2 27.Rd7 Rcd8 {#R} 0-1

[Event "It (w)"]
[Site "masterchessopen.com Lazne Bohdanec (Czech Republic)"]
[Round "0"]
[White "Dmitriev Igor (RUS)"]
[Black "Krupkova Petra (CZE)"]
[Result "1-0"]
[WhiteElo "2450"]
[BlackElo "2210"]

1.g3 d5 2.Bg2 Nf6 3.Nf3 g6 4.c4 Bg7 5.cxd5 Nxd5 6.d4 O-O 7.e4 Nb6 8.h3 Nc6
9.d5 Na5 10.Nc3 c6 11.O-O cxd5 12.Nxd5 Nxd5 13.exd5 e6 14.d6 Nc4 15.Qb3 Nxd6
16.Rd1 Qe7 17.Bg5 f6 18.Bd2 a5 19.Nd4 Nf7 20.Rac1 e5 21.Nb5 Be6 22.Qa4 Rfc8
23.Rxc8+ Rxc8 24.Bxa5 f5 25.Bb4 Qe8 26.Bxb7 Rd8 27.Rxd8 Nxd8 28.Qa8 Qd7 29.Nd6
Bf8 30.Bc8 Qc7 31.Bxe6+ Nxe6 32.Qd5 Qd7 33.Qxe5 Bg7 34.Qd5 Bxb2 35.a4 Kh8
36.a5 Bd4 37.a6 Ba7 38.Bc3+ Kg8 39.Qe5 Nf8 40.Qh8# 1-0

[Event "Staatsliga 1996/97"]
[Site "masterchessopen.com Austria"]
[Round "5"]
[White "Postl Anton (AUT)"]
[Black "Wittmann Walter (AUT)"]
[Result "0-1"]
[WhiteElo "2300"]
[BlackElo "2370"]

1.d4 Nf6 2.c4 g6 3.Nf3 Bg7 4.g3 d5 5.Bg2 O-O 6.cxd5 Nxd5 7.e4 Nb6 8.Nc3 Bg4
9.d5 e6 10.O-O exd5 11.exd5 Qd7 12.Be3 Nc4 13.Qb3 Nxe3 14.fxe3 Na6 15.Qc4 Rac8
16.Nd4 Bh3 17.Bxh3 Qxh3 18.Rf3 Qd7 19.Raf1 Qe7 20.Ndb5 c6 21.dxc6 Rxc6 22.Nd5
Qe6 23.Qb3 Nc5 24.Qc4 Nd7 25.Qb3 Nc5 26.Qc4 Ne4 27.Nd4 Bxd4 28.Qxd4 f5 29.Rf4
Rd6 30.Rd1 Rfd8 {#R} 0-1

[Event "It (open)"]
[Site "masterchessopen.com Hlohovec (Slovakia)"]
[Round "2"]
[White "Horvath Mario (SVK)"]
[Black "Kalod Radek (CZE)"]
[Result "1-0"]
[WhiteElo "2195"]
[BlackElo "2380"]

1.d4 Nf6 2.c4 g6 3.Nf3 Bg7 4.g3 O-O 5.Bg2 d5 6.cxd5 Nxd5 7.e4 Nb6 8.O-O Nc6
9.d5 Na5 10.Qc2 c6 11.dxc6 Nxc6 12.Rd1 Bd7 13.Be3 Qc8 14.Nbd2 Nb4 15.Qb3 Nc2
16.Rac1 Ba4 17.Qd3 Rd8 18.Qe2 Bxb2 19.Nb3 Rxd1+ 20.Rxd1 Nxe3 21.Qxe3 Qc2
22.Qd3 Rc8 23.h4 Kg7 24.Qxc2 Rxc2 25.Rd2 Bxb3 26.axb3 Rxd2 27.Nxd2 Bc3 28.Nb1
Bb4 29.e5 Nd7 30.Bxb7 Nxe5 31.Kf1 Nd3 32.Ba6 Nc5 33.Bc4 Kf6 34.Ke2 e6 35.Nd2
Bxd2 36.Kxd2 a5 37.Ke3 Ke5 38.g4 h6 39.f4+ Kd6 40.g5 h5 41.Kd4 Kc6 42.Ke5 Nd7+
43.Kd4 Nb6 44.Be2 Kd6 45.Bd3 Nd5 46.Ke4 Kc5 47.Ke5 Kb4 48.f5 gxf5 49.Be2 Ne3
50.Bxh5 Ng2 51.Bxf7 Nxh4 52.Kf4 Ng2+ 53.Kg3 Ne3 54.Bxe6 Kc5 55.Kf4 Ng2+
56.Kxf5 Kd6 57.Kf6 Nh4 58.Bg4 Kd5 59.g6 Nxg6 60.Kxg6 Kd4 61.Bd7 Ke5 62.Kf7 Kd6
63.Ba4 Kd5 64.Ke7 Ke5 65.Kd7 Kd5 66.Kc7 Kc5 67.Kb7 Kd6 68.Kb6 Ke7 69.Kxa5 Kd8
70.Kb6 Kc8 71.Ka7 Kc7 72.b4 Kc8 73.b5 Kc7 74.b6+ Kd6 75.b7 Kd5 76.b8=Q Kd4
77.Qe8 Kd5 78.Qe3 Kd6 {#r} 1-0

[Event "It (open)"]
[Site "masterchessopen.com Aarhus (Denmark)"]
[Round "3"]
[White "Guindy Esmat (DEN)"]
[Black "Mikhalevski Victor (ISR)"]
[Result "0-1"]
[WhiteElo "2155"]
[BlackElo "2535"]

1.d4 Nf6 2.c4 g6 3.Nf3 Bg7 4.g3 O-O 5.Bg2 d5 6.cxd5 Nxd5 7.e4 Nb6 8.O-O c5
9.dxc5 Qxd1 10.Rxd1 Na4 11.Nc3 Nxc5 12.Be3 Ncd7 13.Rac1 Nc6 14.b3 Nf6 15.h3
Be6 16.Nd4 Nxd4 17.Bxd4 Rfd8 18.Nb5 Rd7 19.Nc7 Rad8 20.Nd5 Nxe4 21.Bxg7 Rxd5
22.Rxd5 Bxd5 23.Bh6 f6 24.Rd1 f5 25.Bxe4 fxe4 26.Kf1 Kf7 27.Ke2 Ke6 28.Be3 a5
29.Bb6 Rd6 30.Bd4 a4 31.bxa4 Ra6 32.a3 Rxa4 33.Bc5 Ra8 34.Ke3 Rf8 35.Bb4 Rf3+
36.Ke2 Bc4+ 37.Ke1 e3 38.fxe3 Rxg3 39.Rd4 Bd5 40.Ke2 Rxh3 41.Kd3 g5 42.Bxe7 g4
43.Bc5 g3 44.Rg4 g2 45.Kd2 Bf3 46.Rg7 Be4 {#R} 0-1

[Event "It (open) \"]
[Site "masterchessopen.com Hawaii (USA)"]
[Round "1"]
[White "Smith Paul V (USA)"]
[Black "Mont-Reynaud Jordy (USA)"]
[Result "0-1"]
[WhiteElo "2117"]
[BlackElo "2125"]

1.d4 Nf6 2.c4 g6 3.Nf3 Bg7 4.g3 O-O 5.Bg2 d5 6.cxd5 Nxd5 7.e4 Nb6 8.h3 Nc6
9.d5 Na5 10.O-O c6 11.dxc6 Nxc6 12.Qe2 Be6 13.Rd1 Qc8 14.Kh2 Nb4 15.Na3 Nc4
16.e5 Nxa3 17.bxa3 Nd5 18.Bb2 Nc3 19.Bxc3 Qxc3 20.Qd3 Qb2 21.Rab1 Qxf2 22.Rd2
Qc5 23.Rxb7 Bf5 24.Qd4 Qxa3 25.Nh4 Be6 26.Rc7 Rab8 27.Rxa7 Qc1 28.Nf3 Bh6
29.Rd1 Qc2 30.Qd3 Qf2 31.Qd4 Be3 32.Qa4 Bxa7 {#R} 0-1

[Event "Ch Vietnam (juniors) (under 20)"]
[Site "masterchessopen.com Can Tho (Vietnam)"]
[Round "2"]
[White "Pham Ngoc Tanh (VIE)"]
[Black "Bui Kim Le (VIE)"]
[Result "1-0"]
[WhiteElo "2145"]
[BlackElo "2126"]

1.d4 Nf6 2.Nf3 g6 3.c4 Bg7 4.g3 d5 5.Bg2 O-O 6.cxd5 Nxd5 7.e4 Nb6 8.O-O Bg4
9.Be3 Nc6 10.e5 Nc4 11.Nbd2 Nxe3 12.fxe3 Qd7 13.Qb3 Rab8 14.Ne4 b6 15.Rac1 Nd8
16.Qc3 c6 17.Nf2 h5 18.e4 Bh6 19.Rcd1 Rc8 20.h3 Bxf3 21.Qxf3 Ne6 22.d5 Ng5
23.Qd3 cxd5 24.exd5 Rcd8 25.h4 Nh7 26.e6 Qc7 27.exf7+ Rxf7 28.Qxg6+ Rg7
29.Qe6+ Kh8 30.Ne4 Be3+ 31.Kh1 Rdg8 32.d6 exd6 33.Nxd6 Bc5 34.Nf7+ Rxf7
35.Rxf7 Qxg3 36.Rxh7+ Kxh7 37.Rd7+ Rg7 38.Be4+ {#r} 1-0

[Event "It (open) (b)"]
[Site "masterchessopen.com Graz (Austria)"]
[Round "5"]
[White "Wieser Andreas Mag (AUT)"]
[Black "Roerig Gerhard (GER)"]
[Result "0-1"]
[WhiteElo "2055"]
[BlackElo "1916"]

1.d4 Nf6 2.Nf3 g6 3.g3 Bg7 4.Bg2 O-O 5.c4 d5 6.cxd5 Nxd5 7.e4 Nb4 8.Qb3 c5
9.O-O N8c6 10.a3 Na6 11.dxc5 Nxc5 12.Qc2 Ne6 13.Rd1 Ned4 14.Qd3 Bg4 15.Qf1
Bxf3 16.Bxf3 Nxf3+ 17.Kg2 Nfd4 {#R} 0-1